01391cam a2200337 4500952015100000999001700151001000800168003000900176005001700185008004100202010001700243015001400260020001500274040002800289043003000317050001800347082001500365245020400380260006000584300003300644350001100677504004100688651005200729651004700781651004800828700005400876700002600930710004000956906004500996942001201041 00102ddc40708NFICaASLbASLcGENd2021-02-21eDonated by Prof. A. F. A. Husainl0o330.5 ECOp106248r2021-02-21 00:00:00tC-1w2021-02-21yBK c22115d221154098873BDDh-ASL20231015030104.0710218s1970 enka b 101 0 eng  a 74120053  aB71-00924 a0333115406 aDLCcDLCdDLCdBDDh-ASL aa-ii---aa-ce---aa-pk---00aHC435.2b.E2700a330.5bECO00aEconomic development in South Asia:bproceedings of a conference held by the International Economic Association at Kandy, Ceylon [during June, 1969] /cedited by E. A. G. Robinson and Michael Kidron. aLondon:bMacmillan:aNew York:bSt. Martin's P.,c1970. axxii, 585 p.billus.c23 cm. a£6.00 aIncludes bibliographical references. 0aIndiaxEconomic conditionsy1947- xCongresses. 0aPakistanxEconomic conditionsxCongresses. 0aSri LankaxEconomic conditionsxCongresses.1 aRobinson, E. A. G.q(Edward Austin Gossage),eed.1 aKidron, Michael,eed.2 aInternational Economic Association. a7bcbccorignewd3encipf19gy-gencatlg 2ddccBK